000 00769nam a2200193 i 4500
001 187951
003 ES-MaACL
005 20250603182318.0
008 180328s1892 sp |||| | spa d
100 1 _aUcelay, Enrique.
_9133434
245 1 0 _aReformas en la legislación de bolsa /
_cconferencia pronunciada por Enrique Ucelay el día 2 de abril de 1892.
260 _a[S.l. :
_bs.n.],
_c1892 (
_eMadrid :
_fEstab. Tip. de "El Liberal")
300 _a47 p. ;
_c23 cm.
594 _aPrecede al tít.: Círculo de la Unión Mercantil e Industrial.
650 4 _aBolsas de valores-
_zEspaña.
_9170406
651 7 _aEspaña-
_xPolítica comercial-
_yS.XIX
_2
_9172067
852 _aES-MaACL
_jF-13197(4)
_z- Dedicatoria autógrafa del autor
999 _c187951
_d187951